Дні непокори (Запис № 322059)

МАРК-запис
000 -Лідер
fixed length control field 00761nam a22002537a 4500
001 - Контрольний номер
control field 35698
003 - Ідентифікатор контрольного номера
control field UA-OsUOA
005 - Дата та час останнього входження (трансакції)
control field 20220511144706.0
007 - Фіксоване поле фізичного опису
fixed length control field ta
008 - Елементи даних фіксованої довжини – загальна інформація
fixed length control field 20051212b un ||||| |||| 00| 0 ukr d
020 ## - Міжнародний стандартний книжковий номер (ISBN)
Міжнародний стандартний книжковий номер (ISBN) (НП) 9667158543
040 ## - Джерело каталогізації
Агенція оригінальної каталогізації UA-OsUOA
Мова каталогізації ukr
Агенція, яка здійснювала перезапис UA-OsUOA
Агенція, яка здійснювала модифікацію UA-OsUOA
041 ## - Код мови
Код мови тексту/ звукової доріжки чи окремого заголовка (П) ukr
080 ## - Індекс Універсальної десяткової класифікації
Індекс Універсальної десяткової класифікації (УДК) (НП) 821.161.2
090 ## - Локальний шифр розміщення
Класифікаційний індекс УДК 821.161.2
Авторський знак (НП) К78
100 ## - Основне введення – ім’я особи
Ім’я особи (НП) Кравчук В.
245 ## - Відомості про назву
Назва (НП) Дні непокори
Решта назви (НП) художньо-документальний роман
260 ## - Публікація, розповсюдження і т.п. (Вихідні дані)
Місце публікації, розповсюдження і т.п. (П) Хмельницький
Ім’я/ наймення видавництва, розповсюджувача і т.п. (П) Поділля
Дата публікації, розповсюдження і т.п. (П) 1999
300 ## - Фізичний опис
Обсяг 238 с.
650 #7 - Додаткове предметне введення – тематичний термін
Тематичний термін чи географічна назва, як елемент введення (НП) 82 Література. Літературознавство
Джерело заголовка чи терміна UDC
942 ## - Додаткові елементи входу (Коха)
Тип елемента Koha Книги
Source of classification or shelving scheme Universal Decimal Classification
955 ## - Код типу видання за змістом
Код типу видання за змістом (НП) Літературно-художні видання
Фонди
Стан вилучень Стан втрат Джерело класифікації або схеми стелажів Стан уражень Не для кредиту Постійне місце розташування Поточне розміщення Дата придбання Джерело придбання Вартість, звичайна ціна покупки Інвентарний номер Усього замовленно Повний номер виклику Штрих-код Дата останнього перегляду Ціна ефективна від Тип елемента Koha Примітка, призначена для загального доступу
    Universal Decimal Classification     АБ - Абонемент НБ АБ - Абонемент НБ 12/12/2005 148/2005 6.00 89399   821.161.2 К78 89399 10/02/2022 12/12/2005 Книги  
    Universal Decimal Classification     АБ - Абонемент НБ АБ - Абонемент НБ 22/01/2008 8/2008 12.00 110442   82-311.6(477) К78 110442 10/02/2022 22/01/2008 Книги з автографом В. Кравчука